000 004620000a22001210004500
090 _aAS
_bSeriadas
100 1 _aÀlvarez León, Ricardo
_91884
700 1 _aMaldonado Pachón, Hernándo
_9100520
245 1 0 _aArqueofauna encontrada en Puerto Chacho, sitio arqueológico del Caribe colombiano (3300 a. C.)
041 0 _aEspañol
942 _cARTICULO
773 1 _tRevista de la Academia Colombina de Ciencias Exactas, Físicas y Naturales
_h28
_q407-424 p.
_d2009
_g33
999 _c16287
_d16287